000 00688nam a2200193Ia 4500
003 GCL
008 140319s9999 xx 000 0 ara d
040 _aGCL /
_cGCL
082 0 4 _a219
_bف ا
100 1 _aابراهيم العريس
245 1 0 _aالاسلام وضرورة التحديث نحو احداث تغيير فى التقاليد الثقافية /
_cابراهيم العريس
700 1 _aفضل الرحمن
300 _a243 ص
490 _aالهيئة العامة للاستعلامات
_v0
650 0 4 _aالاسلام
650 0 4 _aالاسلام والاصلاح الاجتماعى
650 0 4 _aالاسلام - قضايا معاصرة
942 _2ddc
_cBK
999 _c48395
_d48395